LIBRARY & INFORMATION CENTRE, KCAET, TAVANUR

ONLINE PUBLIC ACCESS CATALOGUE (OPAC)

Course in industrial engineering and operations management / (Record no. 13210)

MARC details
000 -LEADER
fixed length control field 00507cam a2200193ua 4500
041 ## - LANGUAGE CODE
Language code of text/sound track or separate title eng
082 ## - DEWEY DECIMAL CLASSIFICATION NUMBER
Classification number 658.501
Item number SHA/CO
100 ## - MAIN ENTRY--AUTHOR NAME
Personal name Sharma, S K .
245 ## - TITLE STATEMENT
Title Course in industrial engineering and operations management /
250 ## - EDITION STATEMENT
Edition statement 2 /
260 ## - PUBLICATION, DISTRIBUTION, ETC. (IMPRINT)
Place of publication Delhi :
Name of publisher S K Kataria and sons ,
Year of publication 2004.
300 ## - PHYSICAL DESCRIPTION
Number of Pages 857 ; .
700 1# - ADDED ENTRY--PERSONAL NAME
Personal name Sharma, Savitha .
942 ## - ADDED ENTRY ELEMENTS (KOHA)
Koha item type Books
Holdings
Withdrawn status Lost status Damaged status Home library Current library Date acquired Full call number Accession Number Koha item type
      KAUAET KAUAET 07/04/2012 658.501 SHA/IN 21750 Books
free website counter